000 00659nam a2200229Ia 4500
003 OSt
005 20220927104447.0
006 a|||||r|||| 00| 0
007 ta
008 220926b |||||||| |||| 00| 0 eng d
024 _a147748
037 _cReference Collections
040 _aRTL
_cRTL
_beng
041 _2eng
_aeng
082 _a"X71:75.1(X).N75t, L6/UN"
110 _aUNITED NATIONS BUDGET
_9366040
245 0 _aBudgeting and planning for document in develoing c
260 _c1976
700 _aUNITED NATIONS BUDGET
_9366041
942 _h"X71:75.1(X).N75t, L6/UN"
_cCC
999 _c687602
_d687602